Love that lasts: (Record no. 14785)

000 -LEADER
fixed length control field 00634nam a2200193 a 4500
001 - CONTROL NUMBER
control field :::00012619$&:&@@
003 - CONTROL NUMBER IDENTIFIER
control field OkBaRHE
005 - DATE AND TIME OF LATEST TRANSACTION
control field 20000607103421.0
008 - FIXED-LENGTH DATA ELEMENTS--GENERAL INFORMATION
fixed length control field s1929 j 000 0 eng u
040 ## - CATALOGING SOURCE
Transcribing agency
100 1# - MAIN ENTRY--PERSONAL NAME
Personal name Miller, Samuel.
245 10 - TITLE STATEMENT
Title Love that lasts:
Remainder of title Christian courtship and marriage.
260 ## - PUBLICATION, DISTRIBUTION, ETC. (IMPRINT)
Place of publication, distribution, etc Rock Island, IL., :
Name of publisher, distributor, etc Augustana Book Concern
Date of publication, distribution, etc c1929
300 ## - PHYSICAL DESCRIPTION
Extent 111 p. ;
Dimensions 19 cm.
650 ## - SUBJECT ADDED ENTRY--TOPICAL TERM
Topical term or geographic name as entry element Dating (Social Customs)
650 ## - SUBJECT ADDED ENTRY--TOPICAL TERM
Topical term or geographic name as entry element Marriage
General subdivision Religious Aspects
-- Christianity
942 ## - ADDED ENTRY ELEMENTS (KOHA)
Source of classification or shelving scheme
Koha item type Books
Copies
Withdrawn status Date acquired Source of classification or shelving scheme Price effective from Barcode Copy number Shelving location Permanent Location Full call number Not for loan Date last seen Koha item type Damaged status Lost status
 2010-04-14 2010-04-14126191General StacksRHEMA Bible Training CollegeHQ 801 .M488 2010-04-14Books